000 00961nam a22002651a 4500
999 _c2465
_d2465
008 200319s2011 ii ad||g m|||a00| 0 eng d
040 _aKO
_beng
041 0 _aeng
044 _aii
082 0 4 _223
_a378.242
_bIRM1024
100 1 _aDas, Solomon
_eResearcher
245 3 0 _aAn Internship Report on the Study on Yard Operational Activities in DP World Nhava Sheva Terminal /
_cSolomon Das; Guide Dr. B. Swaminathan
260 _aKochi :
_bIndian Maritime University,
_c2011
300 _aiv, 69p. :
_bill., charts ;
_c29 cm.
490 0 _aMBA Internship 2010-12 ;
_v1024217224
502 _aInternship (MBA)–Indian Maritime University. School of Maritime Management, 2011.
610 _aDP World Nhava Sheva Terminal.
650 0 _xContainer terminals
650 0 _aIndustrial organization
_xCase studies
655 7 _2lcsh
_aDissertations, Academic
_y2011
700 1 _aSwaminathan, B.
_cDr.
_eGuide
904 _aA_BOSE
942 _cTH